| 000 | 00306nam a22001097a 4500 | ||
|---|---|---|---|
| 008 | 230626b xxu||||| |||| 00| 0 eng d | ||
| 082 |
_a337.03676 _bKAS 2001 |
||
| 245 |
_aCOMESA _bThe Process of Monetary INtegration in Eastern and Southern Africa |
||
| 260 |
_bCOMESA _c2001 |
||
| 300 | _a64p | ||
| 942 |
_2ddc _cBK |
||
| 999 |
_c2768 _d2768 |
||